000 00768nam a22002057a 4500
999 _c12166
_d12166
003 AR-CdUCM
008 190408b ||||| |||| 00| 0 spa d
040 _aMUNICIPALIDAD PROVINCIAL DEL CUSCO
_cBIBLIOTECA MUNICIPAL DEL CUSCO
082 _a610 /
_bJ37 / 1928
100 _aJaramillo Infante, Carlos
_929885
245 _aAnuario medico del Perú /
260 _aLima :
_c1928
300 _a199 paginas ;
_c23 cm.
505 _aContenido :Historia de la asistencia e higiene social en el Perú --Asistencia social y y legislación sanitaria --Organizcion actual de la asistencia social --Dirección de salubridad publica ...
650 _aSanidad
_929886
650 _aMedicina
_93637
650 _aPerú
_935
942 _2ddc
_cLIBROS
945 _arjall
_d2019-04-08